The completely illustrated guide to Koi for your pond

Bibliographic Details
Format: Book
Published: United States : T.F.H , 1996
Subjects:

MARC

LEADER 00000cam a2200000 7i4500
001 0000020002
002 000021725
005 20080124.0
020 |a 079380597X 
090 0 0 |a 639.37483   |b COM 
245 0 4 |a The completely illustrated guide to Koi for your pond 
260 |a United States :   |b T.F.H ,   |c 1996 
300 |a 312p. :   |b ill. ;   |c 33cm. 
650 0 0 |a Koi (fish) 
999 |a 00071424   |b BUKU   |c RUJUKAN   |e PERPUSTAKAAN KOMUNITI PETALING JAYA